| 000 | 00730pam a2200205 a 4500 | ||
|---|---|---|---|
| 020 | _a0521246296 | ||
| 020 | _a0521288622 (pbk.) | ||
| 082 | 0 | 0 |
_a551.024624 _bHAR _cL-39 , P-43 |
| 100 | 1 |
_aHarvey, J. C. _940395 |
|
| 245 | 1 | 0 |
_aGeology for geotechnical engineers / _cJ.C. Harvey. |
| 260 |
_aCambridge [Cambridgeshire] ; _aNew York : _bCambridge University Press, _c1982. |
||
| 300 |
_aviii, 136 p. : _bill. ; _c24 cm. |
||
| 500 | _aIncludes index. | ||
| 526 |
_a0 _b0 _c0 _d551_024624000000000_HAR |
||
| 650 | 0 | _aEngineering geology. | |
| 650 | 0 | _aGeology. | |
| 856 | 4 | 1 | _uhttp://www.loc.gov/catdir/enhancements/fy1007/82001289-t.html |
| 856 | 4 | 2 | _uhttp://www.loc.gov/catdir/enhancements/fy1007/82001289-d.html |
| 942 |
_2ddc _cBK |
||
| 999 |
_c544698 _d544698 |
||